Metódy určenia všeobecnej hodnoty pozemkov

Saved in:
Bibliographic Details
Main Author: Lukáč, Jozef, 1991-
Format: Book Chapter
Language:Slovak
Tags: Add Tag
No Tags, Be the first to tag this record!

MARC

LEADER 00000nla a2200000 4500
001 0240152
005 20240502073910.1
041 0 |a slo 
044 |a SK 
245 1 0 |a Metódy určenia všeobecnej hodnoty pozemkov 
500 |a Abstrakt 
100 1 |a Lukáč, Jozef, 1991-